000 00546nam a22001817a 4500
999 _c196963
_d196963
005 20230810121520.0
010 _aENG-137761
020 _a9789395422970
_c895.00
035 _aEN-121292
037 _bDBAD
082 _a600
100 _aRajasekar Janani
245 _aArtificial Intelligence and machine learning:
_cJanani Rajasekar...[et.al]
260 _avasantha nagara ,madhurai-625003
_bShanlax Publication
_c2022
300 _a241p.
_c24cm(Pbk)
700 _aRajasekar, Janani
942 _2ddc
_cEN
_h600
_mIND
_kRAJ